| 000 | 01445nab a22003137a 4500 | ||
|---|---|---|---|
| 999 |
_c5376 _d5376 |
||
| 003 | OSt | ||
| 005 | 20250306134402.0 | ||
| 008 | 190603e xxum|||| |||| 00| 0 spa d | ||
| 040 | _cPJ | ||
| 100 |
_93765 _aBoretto, Mauricio |
||
| 245 | 1 | 0 |
_aIntersecciones del derecho ambiental y el derecho concursal argentinos. Aportes desde la constitucionalización del derecho privado y del diálogo con el derecho italiano ambiental. Segunda parte / _cMauricio Boretto. |
| 260 |
_cCiudad Autónoma de Buenos Aires : _aThomson Reuters La Ley, _b2024. |
||
| 300 | _ap. 255-288 | ||
| 500 | _aCita Online: TR LALEY AR/DOC/953/2024. | ||
| 505 | _aSumario: I. Abordaje jurídico de algunos problemas que plantea el proceso concursal del empresario insolvente que contamina.— II. Final. | ||
| 505 | _t¿Te interesa el texto completo? Solicitalo al correo: koha@justierradelfuego.gov.ar | ||
| 650 | 0 |
_92848 _aDERECHO AMBIENTAL |
|
| 650 | 0 |
_91737 _aCONCURSOS |
|
| 650 | 0 |
_aQUIEBRA _91739 |
|
| 650 | 0 |
_aCONTAMINACIÓN AMBIENTAL _92851 |
|
| 650 | 0 |
_aPRESCRIPCIÓN _93092 |
|
| 650 | 0 |
_aACREEDOR DEL CONCURSO _91801 |
|
| 650 | 0 |
_aDAÑO AMBIENTAL _93251 |
|
| 650 | 0 |
_aPRIVILEGIOS (CIVIL) _92699 |
|
| 650 | 0 |
_aSITUACIÓN DE VULNERABILIDAD _94695 |
|
| 653 | _aVERIFICACION DEL CREDITO | ||
| 773 | 0 |
_02713 _93170 _dCiudad Autónoma de Buenos Aires : Thomson Reuters La Ley, 2015- _tRevista Código Civil y Comercial. Nº 4 - Agosto 2024 |
|
| 942 |
_2udc _cANA |
||